| Tag |
First Indicator |
Second Indicator |
Subfields |
| LEADER |
00000cam a2200000 4500 |
| 001 |
in00003866821 |
| 005 |
20190415191014.0 |
| 006 |
m o d |
| 007 |
cr |n||||||||n |
| 008 |
950511s1782 enk|||| o 00| ||eng c |
| 035 |
|
|
|a (CU-RivES)T224833
|
| 035 |
|
|
|a (Uk-ES)006319230
|
| 035 |
|
|
|a (OCoLC)510704674
|
| 040 |
|
|
|a Uk-ES
|c Uk-ES
|d CStRLIN
|d Cengage Gale
|d UtOrBLW
|
| 100 |
1 |
|
|a Mair, James,
|d active 1782.
|0 http://id.loc.gov/authorities/names/nr97000622
|
| 245 |
1 |
4 |
|a The gardner's calendar, and florist's guide :
|b Containing an account of the work necessary to be done in the hot house, green house, shrubbery, kitchen, flower, and fruit gardens; for every month in the year. With proper directions, according to the newest methods. Now in practice among the best gardeners. By James Mair.
|
| 264 |
|
3 |
|a Birmingham :
|b Printed and sold by Pearson and Rollason,
|c MDCCLXXXII. [1782]
|
| 300 |
|
|
|a 1 online resource (iv, 1 unnumbered page, 4-326, 6 unnumbered pages)
|
| 336 |
|
|
|a text
|b txt
|2 rdacontent
|
| 337 |
|
|
|a computer
|b c
|2 rdamedia
|
| 338 |
|
|
|a online resource
|b cr
|2 rdacarrier
|
| 500 |
|
|
|a The pagination includes an unnumbered blank leaf as pp. [191-192].
|
| 500 |
|
|
|a With an index.
|
| 500 |
|
|
|a Published in five parts.
|
| 500 |
|
|
|a Turned chain lines.
|
| 500 |
|
|
|a Sig. B3 (pp. 21-22) is known to be a cancel.
|
| 509 |
|
|
|a Not in Henrey. Apparently a reissue with cancel titlepage and preface - verify.
|
| 510 |
4 |
|
|a English Short Title Catalog,
|c T224833.
|
| 500 |
|
|
|a Reproduction of original from British Library.
|
| 500 |
|
|
|a Electronic resource.
|
| 650 |
|
0 |
|a Gardening
|v Early works to 1800.
|0 http://id.loc.gov/authorities/subjects/sh2008105047
|
| 655 |
|
7 |
|a Electronic books.
|2 local
|
| 710 |
2 |
|
|a Gale (Firm)
|0 http://id.loc.gov/authorities/names/no2008071348
|
| 752 |
|
|
|a Great Britain
|b England
|d Birmingham.
|
| 856 |
4 |
0 |
|u http://proxy.library.tamu.edu/login?url=http://find.galegroup.com/ecco/infomark.do?contentSet=ECCOArticles&docType=ECCOArticles&bookId=1333000700&type=getFullCitation&tabID=T001&prodId=ECCO&docLevel=TEXT_GRAPHICS&version=1.0&source=library&userGroupName=txshracd2898
|z Connect to the full text of this electronic book
|t 0
|
| 999 |
f |
f |
|s edad23d3-b777-3c88-b350-249f77665f80
|i 010c5ac0-a95b-3670-8a7a-ef3e668173dd
|t 0
|
| 952 |
f |
f |
|a Texas A&M University
|b College Station
|c Electronic Resources
|d Available Online
|t 0
|h No information provided
|
| 998 |
f |
f |
|t 0
|l Available Online
|